Atlas de Odontopediatria (Registro nro. 1772)
[ vista simple ]
| 000 -LEADER | |
|---|---|
| fixed length control field | 00620nam a22001697a 4500 |
| 003 - CONTROL NUMBER IDENTIFIER | |
| control field | OSt |
| 005 - DATE AND TIME OF LATEST TRANSACTION | |
| control field | 20260327120848.0 |
| 008 - FIXED-LENGTH DATA ELEMENTS--GENERAL INFORMATION | |
| fixed length control field | 250710b |||||||| |||| 00| 0 eSPd |
| 020 ## - INTERNATIONAL STANDARD BOOK NUMBER | |
| International Standard Book Number | 9788491595199 |
| 082 ## - DEWEY DECIMAL CLASSIFICATION NUMBER | |
| Classification number | 1a Edición |
| 100 ## - MAIN ENTRY--PERSONAL NAME | |
| Personal name | VV.AA. |
| 245 ## - TITLE STATEMENT | |
| Title | Atlas de Odontopediatria |
| 260 ## - PUBLICATION, DISTRIBUTION, ETC. | |
| Place of publication, distribution, etc. | España |
| Name of publisher, distributor, etc. | VV.AA. |
| Date of publication, distribution, etc. | 2023 |
| 300 ## - PHYSICAL DESCRIPTION | |
| Extent | 359 PAG. |
| 520 ## - SUMMARY, ETC. | |
| Summary, etc. | El objetivo de la presente publicacion, realizada por un grupo de odontopediatras y ortodoncistas con amplia experiencia, es crear una breve guia de ayuda en el manejo y tratamiento de los pacientes odontologicos infantiles y adultos jovenes |
| 942 ## - ADDED ENTRY ELEMENTS (KOHA) | |
| Source of classification or shelving scheme | Dewey Decimal Classification |
| Koha item type | Libros |
| Suppress in OPAC | No |
| Withdrawn status | Lost status | Source of classification or shelving scheme | Damaged status | Not for loan | Collection | Home library | Current library | Shelving location | Date acquired | Inventory number | Total checkouts | Full call number | Barcode | Date last seen | Date last checked out | Copy number | Price effective from | Koha item type |
|---|---|---|---|---|---|---|---|---|---|---|---|---|---|---|---|---|---|---|
| Dewey Decimal Classification | Estantería D Fila 4 | Biblioteca Stanford | Biblioteca Stanford | Biblioteca Cerrada | 10.07.2025 | 0783 | 4 | odontología | ODON0783 | 24.03.2026 | 11.07.2025 | 1 | 10.07.2025 | Libros |